<?xml version="1.0" encoding="UTF-8"?>
<record
    xmlns:xsi="http://www.w3.org/2001/XMLSchema-instance"
    xsi:schemaLocation="http://www.loc.gov/MARC21/slim http://www.loc.gov/standards/marcxml/schema/MARC21slim.xsd"
    xmlns="http://www.loc.gov/MARC21/slim">

  <leader>01082nam a2200301 a 4500</leader>
  <controlfield tag="001">000024834</controlfield>
  <controlfield tag="005">20200930023410.0</controlfield>
  <controlfield tag="008">110203s1997    sp      r     000 | spa d</controlfield>
  <datafield tag="020" ind1=" " ind2=" ">
    <subfield code="a">8474261112</subfield>
  </datafield>
  <datafield tag="040" ind1=" " ind2=" ">
    <subfield code="a">DO-SdBNP</subfield>
    <subfield code="b">spa</subfield>
    <subfield code="c">BNPHU</subfield>
  </datafield>
  <datafield tag="041" ind1="1" ind2="7">
    <subfield code="a">ger</subfield>
    <subfield code="h">spa</subfield>
    <subfield code="2">C&#xF3;digo de idioma MARC</subfield>
  </datafield>
  <datafield tag="082" ind1=" " ind2=" ">
    <subfield code="a">831.6</subfield>
    <subfield code="b">N935h</subfield>
  </datafield>
  <datafield tag="100" ind1="1" ind2=" ">
    <subfield code="a">Novalis,</subfield>
    <subfield code="d">1772-1801</subfield>
    <subfield code="q">Friedrich von Hardenberg</subfield>
    <subfield code="9">50974</subfield>
  </datafield>
  <datafield tag="240" ind1="1" ind2="0">
    <subfield code="a">Hymnen an die Nacht.</subfield>
    <subfield code="l">Espa&#xF1;ol</subfield>
  </datafield>
  <datafield tag="245" ind1="1" ind2="0">
    <subfield code="a">Himnos a la noche /</subfield>
    <subfield code="c">Novalis ; traducci&#xF3;n Jos&#xE9; Mar&#xED;a Valverde ; introducci&#xF3;n Rafael Argullol; edici&#xF3;n P. Kluckhohn y R. Samuel.</subfield>
  </datafield>
  <datafield tag="260" ind1=" " ind2=" ">
    <subfield code="a">Quito, (Ecuador) :</subfield>
    <subfield code="b">Icaria Editorial ,</subfield>
    <subfield code="c">1997.</subfield>
  </datafield>
  <datafield tag="300" ind1=" " ind2=" ">
    <subfield code="a">182 p. ;</subfield>
    <subfield code="c">21 cm.</subfield>
  </datafield>
  <datafield tag="490" ind1="1" ind2=" ">
    <subfield code="a">Icaria Literaria</subfield>
    <subfield code="v">25</subfield>
  </datafield>
  <datafield tag="534" ind1=" " ind2=" ">
    <subfield code="a">T&#xED;tulo original :</subfield>
    <subfield code="t">Hymnen an die Nacht</subfield>
  </datafield>
  <datafield tag="650" ind1=" " ind2="4">
    <subfield code="a">Poes&#xED;a alemana</subfield>
    <subfield code="9">8862</subfield>
  </datafield>
  <datafield tag="650" ind1=" " ind2="4">
    <subfield code="a">Literatura alemana</subfield>
    <subfield code="9">3274</subfield>
  </datafield>
  <datafield tag="700" ind1="1" ind2=" ">
    <subfield code="a">Valverde, Jos&#xE9; Mar&#xED;a,</subfield>
    <subfield code="e">tr.</subfield>
    <subfield code="9">42706</subfield>
  </datafield>
  <datafield tag="700" ind1="1" ind2=" ">
    <subfield code="a">Argullol, Rafael,</subfield>
    <subfield code="e">intr.</subfield>
    <subfield code="9">50975</subfield>
  </datafield>
  <datafield tag="700" ind1="1" ind2=" ">
    <subfield code="a">Kluckhohn, P.,</subfield>
    <subfield code="e">ed.</subfield>
    <subfield code="9">50976</subfield>
  </datafield>
  <datafield tag="700" ind1="1" ind2=" ">
    <subfield code="a">Samuel, R.,</subfield>
    <subfield code="e">ed.</subfield>
    <subfield code="9">50977</subfield>
  </datafield>
  <datafield tag="830" ind1=" " ind2="0">
    <subfield code="a">Icaria Literaria;</subfield>
    <subfield code="v">25</subfield>
    <subfield code="9">13591</subfield>
  </datafield>
  <datafield tag="049" ind1=" " ind2=" ">
    <subfield code="a">BNGR</subfield>
  </datafield>
  <datafield tag="952" ind1=" " ind2=" ">
    <subfield code="0">0</subfield>
    <subfield code="1">0</subfield>
    <subfield code="5">4</subfield>
    <subfield code="7">0</subfield>
    <subfield code="8">MO</subfield>
    <subfield code="a">GR</subfield>
    <subfield code="b">GR</subfield>
    <subfield code="c">CT</subfield>
    <subfield code="d">2011-02-04</subfield>
    <subfield code="i">LF1</subfield>
    <subfield code="l">0</subfield>
    <subfield code="o">831.6 N935h</subfield>
    <subfield code="p">24834-10</subfield>
    <subfield code="r">2020-06-25</subfield>
    <subfield code="w">2020-06-25</subfield>
    <subfield code="y">4</subfield>
    <subfield code="Z">Pr&#xE9;stamo en sala</subfield>
  </datafield>
  <datafield tag="999" ind1=" " ind2=" ">
    <subfield code="c">24327</subfield>
    <subfield code="d">24327</subfield>
  </datafield>
</record>
